Consumption of baru nuts (Dipteryx alata ) in the treatment of obese mice (Registro n. 328884)
[ somente texto ]
| 000 -LÍDER | |
|---|---|
| fixed length control field | 02997nab a2200337 i 4500 |
| 003 - CÓDIGO MARC DA AGÊNCIA CATALOGADORA | |
| Campo de controle | BR-BrBNA |
| 005 - DATA E HORA DA ÚLTIMA ATUALIZAÇÃO | |
| Campo de controle | 20241127163522.0 |
| 008 - CAMPO DE TAMANHO FIXO | |
| fixed length control field | 241127b2017 bl.mr|pooa||| 00| 0 eng | |
| 040 ## - FONTE DA CATALOGAÇÃO | |
| Agência catalogadora | BR-BrBNA |
| Idioma da catalogação | eng |
| 072 ## - CATEGORIA AGRIS | |
| Código AGRIS | L50 |
| Código do objeto | 8830 |
| 100 ## - ENTRADA PRINCIPAL - NOME PESSOAL | |
| Nome pessoal | Araújo, Andreia Cristina Ferraz |
| 100 ## - ENTRADA PRINCIPAL - NOME PESSOAL | |
| Nome pessoal | Rocha, Juliete Castro |
| 100 ## - ENTRADA PRINCIPAL - NOME PESSOAL | |
| Nome pessoal | Paraiso, Alanna Fernandes |
| 100 ## - ENTRADA PRINCIPAL - NOME PESSOAL | |
| Nome pessoal | Ferreira, Adaliene Versiani Matos |
| 100 ## - ENTRADA PRINCIPAL - NOME PESSOAL | |
| Nome pessoal | Santos, Sergio Henrique Sousa |
| 100 ## - ENTRADA PRINCIPAL - NOME PESSOAL | |
| Nome pessoal | Pinho, Lucineia de |
| 245 ## - TÍTULO PRINCIPAL | |
| Título principal | Consumption of baru nuts (Dipteryx alata ) in the treatment of obese mice |
| 500 ## - NOTA GERAL | |
| Nota geral | Publicação on-line; 13 ref.; Sumaries (En, Pt) |
| 942 ## - ADDED ENTRY ELEMENTS (KOHA) | |
| Koha item type | Analítica |
| 520 ## - NOTA DE RESUMO | |
| Nota de conteúdo | <br/><br/>ABSTRACT - The present study evaluated the effects of baru nut consumption on body weight, percent adiposity, amount of adipose tissue and blood levels in obese male Swiss mice. After inducing obesity by providing high-glucose diet (60 days), the mice were divided into 4 groups (7 animals per group) and were fed on a control diet (C), high-glucose diet (HG) or high-glucose diet added with baru (HGBA) or soybean oil (HGSO). Groups fed with diet HGBA had a decrease in the weight gain and glucose and triglyceride levels when compared to diet HG. Aimals fed with HG exhibited a higher proportion of epididymal and retroperitoneal adipose tissue. The inclusion of baru nut in the diet improved the control of weight gain and glucose and triglyceride levels in obese mice.<br/><br/>Key words: obesity, functional food, baru nuts. |
| 520 ## - NOTA DE RESUMO | |
| Nota de conteúdo | <br/><br/>RESUMO - Este estudo analisou os efeitos do consumo de amêndoas de baru no peso corporal, percentagem de adiposidade, quantidade de tecido adiposo e parâmetros sanguíneos em camundongos Swiss machos e obesos. Após indução da obesidade pelo consumo de dieta hiperglicídica (60 dias), os camundongos foram divididos em 4 grupos (7 animais por grupo) e, consumiram dieta controle (C), hipergicídica (HG) ou hiperglicídica com adição de baru (HGBA) ou óleo de soja (HGOS). O grupo que ingeriu HGBA teve redução no ganho de peso e níveis de glicose e triglicérides comparados ao tratamento com dieta HG. Os animais alimentados com HG exibiram uma maior proporção de tecido adiposo epididimal e retroperitoneal. Conclui-se que a inclusão de amêndoa de baru na dieta melhora o controle do ganho de peso e os níveis de glicose e triglicérides em camundongos obesos.<br/><br/>Palavras-chave: obesidade, alimento funcional, amêndoas de baru. |
| 650 ## - ASSUNTO - THESAGRO | |
| Cabeçalho tópico ou nome geográfico | ANIMAL DE LABORATÓRIO |
| 650 ## - ASSUNTO - THESAGRO | |
| Cabeçalho tópico ou nome geográfico | CUMBARU |
| 650 ## - ASSUNTO - THESAGRO | |
| Cabeçalho tópico ou nome geográfico | AMÊNDOA |
| 650 ## - ASSUNTO - THESAGRO | |
| Cabeçalho tópico ou nome geográfico | DIETA |
| 650 ## - ASSUNTO - THESAGRO | |
| Cabeçalho tópico ou nome geográfico | OBESIDADE |
| 650 ## - ASSUNTO - THESAGRO | |
| Cabeçalho tópico ou nome geográfico | BIOQUÍMICA |
| 773 0# - ENTRADA ANALÍTICA | |
| Host Biblionumber | 2408 |
| Registro do item | 346528 |
| Imprenta | Santa Maria-RS Universidade Federal de Santa Maria - Centro de Ciências Rurais 1991 |
| Outro identificador | 2024-7199 |
| Título | Ciência Rural (Brazil) |
| ISSN | 0103-8478 Versão online ISSN 1678-4596 |
| Colação | v. 47(2) p. 1-4 ; (2017) |
| Número de controle de registro | BR2024003521 |
| 856 ## - ACESSO E ENDEREÇO ELETRÔNICO | |
| Identificador uniforme de recurso - URI | https://www.scielo.br/j/cr/a/Zfw6XSwKqMFpwLvLTxrcbrp/?format=pdf&lang=en |
Nenhum exemplar disponível.

BINAGRI